LEADER 01243nam a2200289 4500 001 000000333497 003 CaOOAMICUS 005 20190610155801.0 008 190510s2019 it 000 u ita r 020 $a978-88-311-8805-0 040 $aSeMil$bita 100 1 $aManzi, Franco,$d<1966- >.$0(OLS)http://semarc/name/6300 245 10$aTutto concorre al bene :$binchiesta biblico-teologica sulla sofferenza /$cFranco Manzi. 264 1$aRoma :$bCittà Nuova,$c2019. 300 $a183 p. ;$c20 cm 490 1 $aAttualità della Bibbia [Città Nuova] 500 $aDedica dell'A. 650 4$aSofferenza.$0(OLS)http://semarc/subject/6395 650 4$aBibbia - Sofferenza.$0(OLS)http://semarc/subject/7050 830 0$aAttualità della Bibbia.$0(OLS)http://semarc/title/421875 850 $aSeMil 852 $aSeMil$W1$xVenegono$y1$m2V II 343$j213786$B225736$CSeMilBibl$Z2$F225736 $81 961 $aManzi don Franco - Omaggio 996 $6020$a978-88-311-8805-0$9(OLS)http://semarc/number/287239 996 $6245$aTutto concorre al bene :$binchiesta biblico-teologica sulla sofferenza$9(OLS)http://semarc/title/423094 996 $6264$aRoma :$bCittà Nuova$9(OLS)http://semarc/publisher/29609 LEADER 01290nam a2200277 i 4500 001 000000203687 003 CaOOAMICUS 005 20151201000000.0 008 151201s2014 it u000 u ita u 013 $a182401 020 $a978-88-307-2018-3 040 $aSeMil$bita 100 1 $aScalettari, Luciano.$0(OLS)http://semarc/name/73537 245 10$aHo solo seguito il vento :$bvita di Vincenzo Barbieri, padre del volontariato internazionale /$cLuciano Scalettari, Claudio Ceravolo ; prefazione di Andrea Riccardi. 260 $aBologna :$bEMI,$c2014. 300 $a239 p., [8] p. di tav. :$bill. ;$c21 cm. 490 0 $aPietre angolari ;$v11 600 14$aBarbieri, Vincenzo .$0(OLS)http://semarc/subject/38372 700 1 $aCeravolo, Claudio.$0(OLS)http://semarc/name/73538 830 0$aPietre angolari ;$v11.$0(OLS)http://semarc/title/44501 850 $aSeMil 852 $aSeMil$W1$xVenegono$y1$m3J VI 98$j154181$B154181$CSeMilBibl$Z2$F208931 $81 961 $aOmaggio: Altro 996 $6020$a978-88-307-2018-3$9(OLS)http://semarc/number/196876 996 $6245$aHo solo seguito il vento :$bvita di Vincenzo Barbieri, padre del volontariato internazionale$9(OLS)http://semarc/title/295073 996 $6260$aBologna :$bEMI$9(OLS)http://semarc/publisher/29618